| 000 | 01189nac a22002411u 4500 | ||
|---|---|---|---|
| 008 | 100915t xxu||||| |||| 00| 0 eng d | ||
| 010 | _a 99016987 | ||
| 020 | _a0071342133 | ||
| 082 | 0 | 0 |
_a628.1 _bWAT |
| 100 |
_a20080729 _919221 |
||
| 245 | 0 | 0 |
_aWater Distribution Systems Handbook / _cLarry W. Mays, editor in chief. |
| 260 |
_aNew York : _bMcGraw-Hill,2000 _c2000. |
||
| 300 |
_a1 v. (various pagings) : _bill. ; _c24 cm. |
||
| 504 | _aIncludes bibliographical references and index. | ||
| 650 | 0 |
_aWater _xDistribution _vHandbooks, manuals, etc. _919222 |
|
| 650 | 0 |
_aWater-supply engineering _vHandbooks, manuals, etc. _919223 |
|
| 700 | 1 |
_aMays, Larry W. _919224 |
|
| 856 | 4 | 2 |
_3Contributor biographical information _uhttp://www.loc.gov/catdir/bios/mh041/99016987.html |
| 856 | 4 | 2 |
_3Table of contents _uhttp://www.loc.gov/catdir/toc/mh041/99016987.html |
| 856 | 4 | 2 |
_3Publisher description _uhttp://www.loc.gov/catdir/description/mh023/99016987.html |
| 942 |
_cREFERENCE _k628.1WAT _2ddc |
||
| 999 |
_c2222 _d2222 |
||